LEADER 03609nam 22005892 450 001 9910545197003321 005 20230720203903.0 010 $a90-485-3401-1 024 7 $a10.1515/9789048534012 035 $a(CKB)4100000009266308 035 $a(MiAaPQ)EBC5894383 035 $a(DE-B1597)537494 035 $a(OCoLC)1118692065 035 $a(DE-B1597)9789048534012 035 $a(UkCbUP)CR9789048534012 035 $a(ScCtBLL)e7103dd2-bbe6-4ce5-b013-a395e35524b4 035 $a(PPN)270194363 035 $a(EXLCZ)994100000009266308 100 $a20201022d2019|||| uy| 0 101 0 $aeng 135 $aur||||||||||| 181 $ctxt$2rdacontent 182 $cc$2rdamedia 183 $acr$2rdacarrier 200 00$aAdaptation in the age of media convergence /$fedited by Johannes Fehrle and Werner Scha?fke-Zell$b[electronic resource] 210 1$aAmsterdam :$cAmsterdam University Press,$d2019. 215 $a1 online resource (232 pages) $cdigital, PDF file(s) 225 1 $aTransmedia: participatory culture and media convergence 300 $aTitle from publisher's bibliographic system (viewed on 20 Nov 2020). 311 $a94-6298-366-6 327 $tFrontmatter --$tTable of Contents --$t1. Introduction: Adaptation in a Convergence Environment --$t2. Adaptation as Connection : A Network Theoretical Approach to Convergence, Participation, and Co-Production --$t3. Filing off the Serial Numbers : Fanfiction and its Adaptation to the Book Market --$t4. From Paratext to Polyprocess: The "Quirky" Mashup Novel --$t5. "You Just Got Covered" : YouTube Cover Song Videos as Examples of Para-Adaptation --$t6. Masters of the Universe? Viewers, the Media, and Sherlock's Lead Writers --$t7. Alien Adapted (Again and Again) : Fictional Universes between Difference and Repetition --$t8. "Everything is Awesome:" Spreadability and The LEGO Movie --$t9. Localization as Adaptation in the Wolfenstein Franchise --$tIndex 330 $aThis collection considers new phenomena emerging in a convergence environment from the perspective of adaptation studies. The contributions take the most prominent methods within the field to offer reconsiderations of theoretical concepts and practices in participatory culture, transmedia franchises, and new media adaptations. The authors discuss phenomena ranging from mash-ups of novels and YouTube cover songs to negotiations of authorial control and interpretative authority between media producers and fan communities to perspectives on the fictional and legal framework of brands and franchises. In this fashion, the collection expands the horizons of both adaptation and transmedia studies and provides reassessments of frequently discussed (BBC's Sherlock or the LEGO franchise) and previously largely ignored phenomena (self-censorship in transnational franchises, mash-up novels, or YouTube cover videos). 410 0$aTransmedia (Amsterdam, Netherlands) 606 $aAdaptation (Literary, artistic, etc.) 606 $aPopular culture and globalization 610 $aAdaptation Studies. 610 $aFan Studies. 610 $aMedia Convergence. 610 $aMedia Franchising. 610 $aTransmedia. 615 0$aAdaptation (Literary, artistic, etc.) 615 0$aPopular culture and globalization. 676 $a700.457 686 $aAP 13550$2rvk 702 $aFehrle$b Johannes 702 $aScha?fke-Zell$b Werner 801 0$bUkCbUP 801 1$bUkCbUP 906 $aBOOK 912 $a9910545197003321 996 $aAdaptation in the age of media convergence$92784639 997 $aUNINA LEADER 05173nam 2200709Ia 450 001 9911019136903321 005 20200520144314.0 010 $a9786612301599 010 $a9781282301597 010 $a1282301594 010 $a9780470186817 010 $a047018681X 010 $a9780470188316 010 $a0470188316 035 $a(CKB)1000000000376539 035 $a(EBL)469141 035 $a(OCoLC)814414602 035 $a(SSID)ssj0000364915 035 $a(PQKBManifestationID)11255041 035 $a(PQKBTitleCode)TC0000364915 035 $a(PQKBWorkID)10399530 035 $a(PQKB)11725079 035 $a(MiAaPQ)EBC469141 035 $a(Perlego)2766820 035 $a(EXLCZ)991000000000376539 100 $a20070725d1964 uy 0 101 0 $aeng 135 $aur|n|---||||| 181 $ctxt 182 $cc 183 $acr 200 10$aPyrazolones, pyrazolidones, and derivatives /$fRichard H. Wiley, Paul Wiley 205 $a99th ed. 210 $aNew York $cInterscience Publishers$d1964 215 $a1 online resource (558 p.) 225 1 $aChemistry of heterocyclic compounds ;$vv. 20 300 $aDescription based upon print version of record. 311 08$a9780470381908 311 08$a0470381906 320 $aIncludes bibliographical references and index. 327 $aPYRAZOLONES, PYRAZOLIDONES, AND DERIVATIVES; Contents; Part 1 . Chemistry; Chapter I . General .; 1 . Introduction; 2 . Historical; 3 . Structure .; 4 . Synthesis .; 5 . Physical Properties .; 6 . Chemical Properties .; Chapter II . Pyrazolin-5-ones .; 1 . Introduction; 2 . Unsubstituted Alkyl, Alicyclic, Aralkyl, Aryl and Heterocyclic Substituted Derivatives; A . 2-Pyrazolin-5-ones; (1) Syntheses; (2) Physical Properties; (3) Chemical Properties; (4) Hydroxyalkyl Types; (5) AminoalkylTypes; (6) Bis(2-pyrazolin-5-ones); B . 2 -P yrazolin . 5 . thiones; C . 6-Imino-2-pyrazolines 327 $aD . 3-Pyrazolin-5-ones(1) Syntheses; (2) Properties; (3) Bis(3-pyrazolin-5-ones); E . 3-Pyrazolin-5-thiones and -5-selenones; F . 5-Imino-3-pyrazolines; 3 . Hydroxy and Mercapto Derivatives; A . 2-Pyrazolin-5-ones; B . 3-Pyrazolin-5-ones; 4 . Amino, Imino, Hydrazino, Azo and Related Derivatives; A . 2-Pyrazolin- 5-ones; B . 3-Pyrazolin-5-ones; 5 . Halogen Substituted Derivatives; A . 2-Pyrazolin-5-ones; B . 3-Pyrazolin-5-ones; 6 . Nitroso Substituted Derivatives; A . 2 -Pyrazolin-5-ones; B . 3-Pyrazolin-5-ones; 7 . Nitro Substituted Derivatives; A . 2-Pyrazolin-5-ones; B . 3-Pyrazolin- 5-ones 327 $a8 . Aldehydes and KetonesA . 2-Pyrazolin- 5-ones; B . 3-Pyrazolin-5-ones; 9 . Carboxylic Acids and Derivatives; A . 2-Pyrazolin-5-ones; B . 3-Pyrazolin-5-ones; 10 . Sulfonic Acids and Derivatives; A . 2 -Pyrazolin-5-ones; B . 3-Pyrazolin-5-ones; 11 . Functional Group Substituents on Nitrogen; A . 2-Pyrazolin- 5-ones; B . 3-Pyrazolin-5-ones; 12 . Mercury Substituted Derivatives; A . 2-Pyrazolin- 5-ones; B . 3 -Pyrazolin . 5 -ones; 13 Metallic and Non-metallic Complexes; A . 2-Pyrazolin-5-ones; B . 3-Pyrazolin- 5-ones; 14 . Miscellaneous Derivatives; Chapter III . 2-Pyrazolin-4-ones 327 $aChapter IV . 2-Pyrazolin-4, 5-dionesChapter V . 3-Pyrazolidinones; Chapter VI . 3, 4-Pyrazolidinediones; Chapter VII . 3, 5-Pyrazolidinediones; 1 . Introduction; 2 . Alkyl, Aralkyl, Heterocyclicalkyl and Aryl Substituted Derivatives; 3 . Hydroxy and Alkoxy Substituted Derivatives; 4 . Amino and Azo Substituted Derivatives; 5 . Halogen Substituted Derivatives; 6 . Nitroso Substituted Derivatives; 7 . C-Acyl Substituted Derivatives; 8 N-Acyl Substituted Derivatives .; Chapter VIII . 5-Imino-3-pyrazolidinones; 1 . Introduction 327 $a2 . Alkyl, Alicyclic, Aralkyl, Heterocyclicalkyl, Heterocyclic and Aryl Substituted Derivatives3 . Functional Group Derivatives; Chapter IX . Miscellaneous 3, 5-Pyrazolidinediones and Analogs; Part 2 . Applications; Chapter I . Medical; Chapter II . Color Photography; Chapter III . Textile and Fabric Dyes; Chapter IV . Analytical Reagents; Chapter V.Miscellaneous; Appendix . Systematic Tables of Pyrazolones and their Derivatives; References; Index 330 $aChemistry of Heterocyclic Compounds publishes articles, letters to the Editor, reviews, and minireviews on the synthesis, structure, reactivity, and biological activity of heterocyclic compounds including natural products. The journal covers investigations in heterocyclic chemistry taking place in scientific centers of all over the world, including extensively the scientific institutions in Russia, Ukraine, Latvia, Lithuania and Belarus. 410 0$aChemistry of heterocyclic compounds ;$vv. 20. 606 $aPyrazolones 606 $aPyrazolones$xDerivatives 615 0$aPyrazolones. 615 0$aPyrazolones$xDerivatives. 676 $a547.593 676 $a547/.59/05 700 $aWiley$b Richard H$083420 701 $aWiley$b Paul F$g(Paul Fears),$f1916-1987.$0863259 801 0$bMiAaPQ 801 1$bMiAaPQ 801 2$bMiAaPQ 906 $aBOOK 912 $a9911019136903321 996 $aPyrazolones, pyrazolidones, and derivatives$93005126 997 $aUNINA LEADER 01602nam0 22003011i 450 001 UON00260035 005 20231205103708.149 100 $a20050107d1963 |0itac50 ba 101 $afre 102 $aFR 105 $a||||0 ||||| 200 1 $aˆLes ‰Misérables$fVictor Hugo$gtexte présenté avec les variantes de Misères, une introduction et des notes par Marius-François Guyard 210 $aParis$cGarnier$d1957-1963 215 $a2 v.$d19 cm. 410 1$1001UON00172566$12001 $aClassiques Garnier$1210 $aParis$cGarnier Frères 620 $aFR$dParis$3UONL002984 676 $a843$cNarrativa francese$v21 700 1$aHUGO$bVictor$3UONV003324$0444801 702 1$aGUYARD$bMarius-François$3UONV144999 712 $aGarnier Frères$3UONV254608$4650 801 $aIT$bSOL$c20260206$gRICA 912 $aUON00260035 950 $aSIBA - SISTEMA BIBLIOTECARIO DI ATENEO E ARCHIVIO STORICO$dSI C.G HUG 05 $eSI LO 54656 5 05 950 $aSIBA - SISTEMA BIBLIOTECARIO DI ATENEO E ARCHIVIO STORICO$dSI C.G HUG 06 $eSI LO 54622 5 06 950 $aSIBA - SISTEMA BIBLIOTECARIO DI ATENEO E ARCHIVIO STORICO$dSI C.G HUG 07 $eSI SFR208 7 07 950 $aSIBA - SISTEMA BIBLIOTECARIO DI ATENEO E ARCHIVIO STORICO$dSI C.G HUG 08 $eSI LO 208/1 5 08 996 $aMisérables$935756 997 $aUNIOR